000 00795nam a2200253 i 4500
003 DO-SdBNP
005 20240304185510.0
007 ta
008 090708s1999 dr r 001 0 spa d
040 _aDO-SdBNP
_bspa
_cBNPHU
_erda
082 _axxxx
_222
_bS583e
100 1 _a Silié Gatón, José A.,
_d1920-2014
_9747
245 1 0 _aÉtica del Ministerio Público / :
_bJosé A. Silie Gatón.
264 _aSanto Domingo:
_bCentenario,
_c1999.
300 _a332 páginas
_c21 cm.
336 _2rdacontent
_atexto
_btxt
337 _2rdamedia
_asin mediación
_bn
338 _2rdacarrier
_avolumen
_bnc
500 _aContiene referencia histórica en las paginas 225-230.
504 _aBibliografía p: 231-232
590 _aInventariado, 2023/ YL
910 _aYLockward
942 _2ddc
_cLBS1
999 _c3168
_d3168